000 00380nam a2200145Ia 4500
008 231129s1999||||xx |||||||||||||| ||spa||
020 _a987-9065-66-2
040 _bspa
082 _a927.92 S786a
100 _aAllen David
245 0 _aStanislavski para principiantes
260 _c1999
264 _aEra naciente SRL
942 _2ddc
_cBKS
999 _c24853
_d24853